The history of Rome /

محفوظ في:

المؤلف الرئيسي: Mommsen, Theodor, 1817-1903.

مؤلفون آخرون: Dickson, William P., 1823-1901 (tr.)

التنسيق: كتاب

اللغة: English

منشور في: London : Richard Bentley & Son, 1872.

الطبعة: new ed.

الموضوعات:

الوسوم: إضافة وسم

لا توجد وسوم, كن أول من يضع وسما على هذه التسجيلة!

رقم الطلب: DG209 .M74 1872 v.1

LEADER 00790cam a22002411 4500
001 6341592
003 OSt
005 20260115100038.0
008 740731s1872 enk 000 0 eng
040 |c ARCE Library 
041 1 |a engger 
042 |a premarc 
050 4 |a DG209 .M74 1872 v.1 
100 1 |a Mommsen, Theodor,  |d 1817-1903. 
245 1 4 |a The history of Rome /   |c by Theodor Mommsen; translated with the author's sanction and additions by the Rev. William P. Dickson ... with a preface by Dr. Leonhard Schmitz. 
250 |a new ed. 
260 |a London :   |b Richard Bentley & Son,   |c 1872. 
300 |a v. <1> ;   |c 19 cm. 
651 0 |a Rome  |x History. 
700 1 |a Dickson, William P.,   |q (William Purdie),   |d 1823-1901,  |e tr. 
901 |a reviewed 
942 |2 lcc  |c BK 
999 |c 55148  |d 55148